02567cam a22002895a 45000010009000000050017000090080041000260200029000670200015000960400033001110820021001441000027001652450102001922500013002942600050003073000040003575000020003975201479004175200092018966500045019886510010020336530034020437000033020779420008021109990017021189520142021351798538320160123123133.0131231t2014 nyua fr 001 0 eng d a9780071826945 (hardback) a0071826947 aDLCbengcDLCdDLCdEG-ScBUE04a690.068222bLEV1 aLevy, Sidney M.92316310aConstruction operations manual of policies and procedures /cSidney M. Levy, Andrew M. Civitello. a5th ed.  aNew York : bMcGraw-Hill Education, cc.2014. a(various pagings) :bill. ;c25 cm. aIncludes index. a"The latest methods for successfully managing construction operationsCut down on paperwork with this time-saving reference--and keep your construction operation running smoothly. Construction Operations Manual of Policies and Procedures, Fifth Edition has been completely updated to fit into today's design and construction environment. It contains step-by-step procedures and a series of new contract formats, checklists, forms, sample letters, and advice gleaned from the coauthors' decades-long experience in the construction industry This new edition updates the latest contract formats issued by the American Institute of Architects (A.I.A.), the Associated General Contractors of America (AGC), the Lean Construction Institute, and the Design Build Institute and Construction Management. Current OSHA regulations and legal precedents relating to dispute and claims are also included. Two new chapters added - Building Information Modeling (BIM), and Claims, Disputes, Arbitration and Mediation. The Fifth Edition Features: More than 150 sample letters, word-for-word letters, forms, and checklists in the book and available for download New Chapter on Building Information Modeling (BIM) New Chapter on Claims, Disputes, Arbitration and Mediation Updated safety regulations and standards from OSHA Expanded section on change orders and claims and disputes Green building and sustainability section expanded and updated with 2011 LEED Certification requirements. a"Step-by-step details and procedures for successfully managing construction operations. 7aContractors’ operations.2BUEsh939145 2BUEsh bENGGENcJuly2015cJanuary20161 aCivitello, Andrew M.,d1954- 2ddc c20268d20240 00102ddc40708BaccahaMAINbMAINc1STd2015-07-07ePurchaseg792.00h21761l0o690.068 LEVp000039458r2025-07-15 00:00:00v990.00yBB